Το αστέρι του Νότου : L'etoile du sud
Αποθηκεύτηκε σε:
| Κύριος συγγραφέας: | |
|---|---|
| Άλλοι συγγραφείς: | , |
| Μορφή: | Βιβλίο |
| Γλώσσα: | Greek French |
| Δημοσίευση: |
Αθήνα :
Αστήρ,
1974.
|
| Σειρά: | Βιβλιοθήκη Ιουλίου Βέρν ;
24 |
| Θέματα: | |
| Ετικέτες: |
Προσθήκη ετικέτας
Δεν υπάρχουν, Καταχωρήστε ετικέτα πρώτοι!
|
MARC
| LEADER | 00000cam a2200000 i 4500 | ||
|---|---|---|---|
| 001 | 1/20822 | ||
| 008 | 051215s1974 gr | ||| |||| ||gre|| | ||
| 035 | |l 10081711 | ||
| 040 | |a GR-MyUA |b gre |e AACR2 | ||
| 041 | 1 | |a gre |a fre | |
| 082 | 0 | |a 843.3 |2 (22) | |
| 100 | 1 | |a Verne, Jules, |d 1828-1905. | |
| 245 | 1 | 3 | |a Το αστέρι του Νότου : |b L'etoile du sud / |c Ιουλίου Βέρν ; μετάφραση Δημ. Μπουά ; εικονογράφηση L.Benett. |
| 260 | |a Αθήνα : |b Αστήρ, |c 1974. | ||
| 300 | |a 254 σ. ; |c 20 εκ. | ||
| 490 | 1 | |a (Βιβλιοθήκη Ιουλίου Βέρν |v ; 24) | |
| 500 | |a Τίτλο; πρωτοτύπου: L' etoile du sud. | ||
| 650 | 0 | 0 | |a French fiction. |
| 650 | 0 | 0 | |a Fantasy fiction, Frence. |
| 700 | 1 | |a Μπουά, Δημ. |e trl [Μεταφραστής] | |
| 700 | 1 | |a Benett, Léon. | |
| 830 | 0 | |a Βιβλιοθήκη Ιουλίου Βέρν ; |v 24 | |
| 852 | |a INST |b RHODES |c KRI |e 20051215 |h 843.3 VER |p 005400030410 |q 005400030410 |t BK |y 0 | ||
| 901 | |a BIBL-2005-3 | ||
| 909 | |a Ρ |b 122787 | ||
| 970 | |a ΣΙΔΕΡΗ |b ΝΕΚΤΑΡΙΑ |z 2005/11/15 | ||